Initialed People AB to ZB Quiz Stats

Quiz Updated Nov 8, 2012

Challenge
Share
Tweet
Embed
Score 0/26 Timer 04:00
1 Play Today
Clue Answer % Correct
Spanish actor who provided the voice of Puss in Boots for the 'Shrek' moviesAntonio Banderas
92.4%
'Catwoman' star and first African-American Best Actress Oscar winnerHalle Berry
83.5%
Irish-born actor who preceded Daniel Craig as 007Pierce Brosnan
78.8%
'Posh' pop star who is married to one of the world's most recognizable sport starsVictoria Beckham
76.1%
100m and 200m world record breaking Jamaican sprinterUsain Bolt
75.6%
Legendary actor whose roles include Colonel Kurtz and Vito CorleoneMarlon Brando
73.4%
American comic actress and star of 50's sitcom 'I Love Lucy'Lucille Ball
73.2%
Iconic musician known for his alter egos Ziggy Stardust and Major TomDavid Bowie
72.9%
Vice President of the United States and Senator for the state of DelawareJoe Biden
72.6%
English actor known for his role in 'The Lord of the Rings' saga as LegolasOrlando Bloom
64.4%
Swedish actress of Hollywood's Golden Age and star of 'Casablanca'Ingrid Bergman
63.2%
Legendary tennis player renowned for his coolness on court and 11 Grand Slam winsBjörn Borg
58%
'Scrubs' star who directed and starred in 2004 indie comedy-drama 'Garden State'Zach Braff
56%
Clue Answer % Correct
Brazilian-born supermodel and wife of Patriots quarterback Tom BradyGisele Bündchen
46.3%
American fantasy and science-writer whose work included 'Fahrenheit 451' Ray Bradbury
45.8%
Actor and director known for 'Reds' and 'Bonnie and Clyde' who has been nominated for 15 OscarsWarren Beatty
39.2%
Russian actor best remembered for his performance opposite Deborah Kerr in 'The King and I'Yul Brynner
36.4%
English actress and star of 'Young Victoria' and 'Looper'Emily Blunt
36%
Nobel winning Danish physicist who researched atomic structure and quantum mechanicsNiels Bohr
34.7%
Former Italian prime minister who was convicted of tax fraud in 2012Silvio Berlusconi
32.9%
TV presenter known for 'Dancing with the Stars' and 'America's Funniest Home Videos'Tom Bergeron
32.8%
Former first lady of France, model and noted singer-songwriterCarla Bruni
29%
English musician known for her ethereal voice and songs 'Wuthering Heights' and 'Don't Give Up'Kate Bush
28.4%
'American Idol' winner who starred in the Broadway production of 'The Color Purple'Fantasia Barrino
28.2%
English illustrator who provided the instantly recognizable artwork for Roald Dahl's childrens booksQuentin Blake
15.2%
French actor and director who won the 2010 Cannes Grand Prix for his film 'Of Gods and Men'Xavier Beauvois
1.3%

You're not logged in!

Compare scores with friends on all Sporcle quizzes.
Sign Up with Email
OR
Log In

You Might Also Like...

Show Comments

Extras

Top Quizzes Today


Score Distribution

Your Account Isn't Verified!

In order to create a playlist on Sporcle, you need to verify the email address you used during registration. Go to your Sporcle Settings to finish the process.